Applied Therapeutics:the clinical use of drugs (Record no. 5830)

MARC details
000 -LEADER
fixed length control field 00600nam a22002057a 4500
003 - CONTROL NUMBER IDENTIFIER
control field OSt
005 - DATE AND TIME OF LATEST TRANSACTION
control field 20170419184325.0
008 - FIXED-LENGTH DATA ELEMENTS--GENERAL INFORMATION
fixed length control field 170419b xxu||||| |||| 00| 0 eng d
020 ## - INTERNATIONAL STANDARD BOOK NUMBER
International Standard Book Number 978-0-7817-6555-8
040 ## - CATALOGING SOURCE
Original cataloging agency DMLN
Transcribing agency DMLN
082 ## - DEWEY DECIMAL CLASSIFICATION NUMBER
Classification number QV735, b617e,2008
100 ## - MAIN ENTRY--PERSONAL NAME
Personal name Anne Mary Koda-Kimble,Young,Lloyd Yee, Alldredge,Brian k.
9 (RLIN) 12102
245 ## - TITLE STATEMENT
Title Applied Therapeutics:the clinical use of drugs
250 ## - EDITION STATEMENT
Edition statement 9th ed.
260 ## - PUBLICATION, DISTRIBUTION, ETC. (IMPRINT)
Place of publication, distribution, etc. Philadelphia:Wolter Kluwer
300 ## - PHYSICAL DESCRIPTION
Extent xxiii,102-20,1-35;ill,28cm
504 ## - BIBLIOGRAPHY, ETC. NOTE
Bibliography, etc includes index
650 ## - SUBJECT ADDED ENTRY--TOPICAL TERM
Topical term or geographic name as entry element applied therapeutics
9 (RLIN) 12103
942 ## - ADDED ENTRY ELEMENTS (KOHA)
Source of classification or shelving scheme Other/Generic Classification Scheme
Koha item type Short Loan
Holdings
Withdrawn status Lost status Source of classification or shelving scheme Damaged status Not for loan Home library Current library Date acquired Source of acquisition Inventory number Total Checkouts Full call number Date last seen Price effective from Koha item type Barcode
    Other/Generic Classification Scheme     MUST Main Library MUST Main Library 19/04/2017       QV735, b617e,2008 19/04/2017 19/04/2017 Short Loan 2017-0810
    Other/Generic Classification Scheme     Pharmacy Department Library Pharmacy Department Library 19/04/2017   11/00071   QV735, b617e,2008 19/04/2017 19/04/2017 Short Loan